ISO 14000 for small and medium enterprises / (Record no. 524130)
[ view plain ]
| 000 -LEADER | |
|---|---|
| fixed length control field | 00403nam a22001457a 4500 |
| 020 ## - INTERNATIONAL STANDARD BOOK NUMBER | |
| International Standard Book Number | 92-833-2204-5 |
| 040 ## - CATALOGING SOURCE | |
| Transcribing agency | NUST |
| 082 ## - DEWEY DECIMAL CLASSIFICATION NUMBER | |
| Classification number | 658.408 |
| Author Mark | ISO |
| 100 ## - MAIN ENTRY--PERSONAL NAME | |
| Personal name | Asian productivity organization |
| 9 (RLIN) | 14952 |
| 245 ## - TITLE STATEMENT | |
| Title | ISO 14000 for small and medium enterprises / |
| 260 ## - PUBLICATION, DISTRIBUTION, ETC. | |
| Place of publication, distribution, etc. | Tokyo : |
| Name of publisher, distributor, etc. | Asian productivity organization, |
| Date of publication, distribution, etc. | 1997. |
| 300 ## - PHYSICAL DESCRIPTION | |
| Extent | 113 p. : |
| Dimensions | 18 cm. |
| 500 ## - GENERAL NOTE | |
| General note | Paperback |
| 942 ## - ADDED ENTRY ELEMENTS (KOHA) | |
| Source of classification or shelving scheme | |
| Koha item type | Book |
| Withdrawn status | Lost status | Source of classification or shelving scheme | Damaged status | Not for loan | Permanent Location | Current Location | Date acquired | Total Checkouts | Full call number | Barcode | Date last seen | Price effective from | Koha item type |
|---|---|---|---|---|---|---|---|---|---|---|---|---|---|
| Central Library (CL) | Central Library (CL) | 06/17/2019 | 658.408 ISO | CL-D-400 | 06/17/2019 | 06/17/2019 | Book |
